000 01341cam a22003614a 4500
001 14459085
003 Nust
005 20220829120233.0
008 060719s2006 nyu c 000 1 eng
010 _a 2006049581
020 _a9781423124948
_cRs. 396
038 _aArshad
040 _aDLC
_cDLC
_dDLC
042 _alcac
050 0 0 _aPZ7.C677475
_bAx 2006
082 0 0 _a823
_bCOL
100 1 _aColfer, Eoin.
_911062
245 1 0 _aArtemis Fowl.
_pThe lost colony /
_cEoin Colfer.
246 3 0 _aLost colony
250 _a1st American ed.
260 _aNew York :
_bHyperion Books for Children,
_c2006.
300 _a385 p. ;
_c21 cm.
500 _a"Miramax books."
520 _aWhen demons begin appearing on Earth unpredictably, foreshadowing a cataclysmic breakdown of their magic, Artemis and his friends face a new foe--a twelve-year-old girl whose intellect just might match Artemis's own--as they try to prevent catastrophe.
650 1 _aAdventure and adventurers
_vFiction.
_97118
650 1 _aSpace and time
_vFiction.
_911071
650 1 _aFairies
_vFiction.
_911070
650 1 _aMagic
_vFiction.
_911069
650 1 _aDemonology
_vFiction.
_912042
906 _a7
_bcbc
_corignew
_d1
_eocip
_f20
_gy-gencatlg
942 _2ddc
_cBK
999 _c174398
_d174398